[Event "Carabobo-ch Expertos y Maestros"]
[Site "Valencia"]
[Date "2016.10.01"]
[Round "3.8"]
[White "Parra Colmenares, Yuralys E"]
[Black "Tortolero Hernandez, Cesar Aug"]
[Result "1-0"]
[WhiteElo "1753"]
[BlackElo "1921"]
[PlyCount "69"]
[EventDate "2016.10.01"]
[EventType "swiss"]
[EventRounds "5"]
[EventCountry "VEN"]
[SourceTitle "EXT 2022"]
[Source "ChessBase"]
[SourceDate "2021.10.06"]
[SourceVersion "1"]
[SourceVersionDate "2021.10.06"]
[SourceQuality "1"]

1. e4 c5 2. Nf3 Nc6 3. d4 cxd4 4. Nxd4 g6 5. c4 Bg7 6. Be3 d6 7. Nc3 Nf6 8. Be2 0-0 9. 0-0 Nxd4 10. Bxd4 Bd7 11. Qd2 Bc6 12. f3 a5 13. Rad1 Nd7 14. Be3 Nc5 15. Nd5 a4 16. Bg5 Bxd5 17. cxd5 Qd7 18. Bh6 Qc7 19. Bxg7 Kxg7 20. Rc1 Qb6 21. Kh1 Kg8 22. h4 h5 23. Rg1 Nd7 24. g4 Qf2 25. Rg2 Qxh4+ 26. Rh2 Qf6 27. gxh5 Ne5 28. f4 Nd7 29. hxg6 fxg6 30. Rg1 Rf7 31. Bh5 Qxf4 32. Qxf4 Rxf4 33. Bxg6 Nf6 34. Bf5+ Ng4 35. Bxg4 1-0

[Event "Caracas FVA 80th Ann"]
[Site "Caracas"]
[Date "2015.12.16"]
[Round "2"]
[White "Tortolero Hernandez, Cesar Aug"]
[Black "Brizuela Abreu, Reivis Gabriel"]
[Result "0-1"]
[WhiteElo "1927"]
[BlackElo "2238"]
[PlyCount "116"]
[EventDate "2015.12.16"]
[EventType "swiss"]
[EventRounds "8"]
[EventCountry "VEN"]
[SourceTitle "EXT 2018"]
[Source "ChessBase"]
[SourceDate "2017.10.13"]
[SourceVersion "1"]
[SourceVersionDate "2017.10.13"]
[SourceQuality "1"]

1. e4 e6 2. d4 d5 3. Nc3 Nf6 4. Bg5 Bb4 5. e5 h6 6. exf6 hxg5 7. fxg7 Rg8 8. Bb5+ Bd7 9. Bxd7+ Nxd7 10. Nge2 Qf6 11. a3 Bxc3+ 12. Nxc3 0-0-0 13. Qd2 Rxg7 14. 0-0-0 Rh8 15. f3 Nb6 16. b3 Kb8 17. h3 Rc8 18. Kb1 a6 19. Ne2 Rgg8 20. Qb4 Nd7 21. Rd2 c5 22. dxc5 Rxc5 23. Rc1 Rgc8 24. f4 Ka8 25. g3 Qh6 26. fxg5 Qxg5 27. Qf4 Qg6 28. h4 e5 29. Qf3 Nf6 30. h5 Nxh5 31. Rxd5 Rxc2 32. Qd3 Qxd3 33. Rxd3 Rxc1+ 34. Nxc1 Rg8 35. Ne2 e4 36. Rc3 f5 37. Kc2 Kb8 38. Kd2 Rc8 39. Rxc8+ Kxc8 40. Ke3 Kd7 41. Kd4 Kd6 42. b4 Ng7 43. a4 Ne6+ 44. Kc4 b6 45. Nc3 Ke5 46. b5 axb5+ 47. axb5 f4 48. gxf4+ Nxf4 49. Nd1 Ng2 50. Kc3 Kd5 51. Kd2 Kd4 52. Ke2 Nf4+ 53. Kf2 Nd5 54. Nb2 Kc3 55. Na4+ Kd2 56. Nb2 e3+ 57. Kf3 e2 58. Nc4+ Kc3 0-1

[Event "Gibraltar Challengers-B 13th"]
[Site "Caleta"]
[Date "2015.02.03"]
[Round "4"]
[White "Tortolero Hernandez, Cesar Aug"]
[Black "Haddock, Paul"]
[Result "1-0"]
[WhiteElo "1937"]
[BlackElo "1639"]
[PlyCount "71"]
[EventDate "2015.01.31"]
[EventType "swiss"]
[EventRounds "5"]
[EventCountry "GGB"]
[SourceTitle "CBM 164 Extra"]
[Source "ChessBase"]
[SourceDate "2015.03.02"]
[SourceVersion "1"]
[SourceVersionDate "2015.03.02"]
[SourceQuality "1"]

1. d4 Nf6 2. e3 g6 3. Bd3 Bg7 4. Nf3 d6 5. 0-0 Nbd7 6. Nbd2 0-0 7. b3 c5 8. Bb2 b6 9. c4 cxd4 10. exd4 Nh5 11. Be4 Rb8 12. g3 Nc5 13. Bc2 Bb7 14. Qb1 Nd7 15. d5 e5 16. dxe6 fxe6 17. Bxg7 Kxg7 18. Be4 Qf6 19. Bxb7 Rxb7 20. Nh4 Ne5 21. Qe4 Rbf7 22. f4 Ng4 23. Rae1 d5 24. cxd5 exd5 25. Qd3 Qb2 26. Nhf3 Nxf4 27. gxf4 Rxf4 28. Ng5 Rxf1+ 29. Rxf1 Rxf1+ 30. Kxf1 Qf6+ 31. Ngf3 Nxh2+ 32. Kg2 Nxf3 33. Nxf3 Qb2+ 34. Kg3 Qf6 35. Qxd5 h5 36. Qe5 1-0

[Event "Gibraltar Masters 13th"]
[Site "Caleta"]
[Date "2015.02.02"]
[Round "7"]
[White "Sajjadi, Kimiya"]
[Black "Tortolero Hernandez, Cesar Aug"]
[Result "1/2-1/2"]
[WhiteElo "1634"]
[BlackElo "1937"]
[PlyCount "105"]
[EventDate "2015.01.27"]
[EventType "swiss"]
[EventRounds "10"]
[EventCountry "GGB"]
[SourceTitle "CBM 165"]
[Source "ChessBase"]
[SourceDate "2015.03.11"]
[SourceVersion "1"]
[SourceVersionDate "2015.03.11"]
[SourceQuality "1"]

1. d4 e6 2. c4 b6 3. e4 Bb7 4. Bd3 Bb4+ 5. Bd2 Bxd2+ 6. Nxd2 Ne7 7. Ngf3 0-0 8. 0-0 Ng6 9. Rc1 d6 10. Bb1 Nd7 11. Qe2 e5 12. d5 a5 13. a3 Nf4 14. Qe3 Nf6 15. h3 a4 16. Ne1 Bc8 17. Nd3 g5 18. Rfe1 Kh8 19. Nf1 Nd7 20. Ng3 Nc5 21. Nb4 Bd7 22. Nf5 Qf6 23. Rc3 Bxf5 24. exf5 h5 25. Kh2 g4 26. Rg1 Rg8 27. Qe1 Rg7 28. Qd1 Rag8 29. Re1 h4 30. Rf1 gxh3 31. gxh3 Qg5 32. Qf3 Qg2+ 33. Qxg2 Rxg2+ 34. Kh1 Ne2 35. Re3 Nd4 36. Nc6 Nxc6 37. dxc6 f6 38. Bc2 R2g5 39. Rfe1 Rb8 40. R1e2 b5 41. cxb5 Rxb5 42. Bb1 Rb6 43. f4 Rg7 44. fxe5 dxe5 45. Rc3 Nb3 46. Re4 Nd4 47. Rxh4+ Kg8 48. Ba2+ Kf8 49. Rh8+ Ke7 50. Rc8 Kd6 51. Rd8+ Ke7 52. Rd7+ Kf8 53. Rd8+ 1/2-1/2

[Event "VEN-ch qual 2nd Cojedes"]
[Site "San Carlos"]
[Date "2014.08.16"]
[Round "6"]
[White "Tortolero Hernandez, Cesar Aug"]
[Black "Palomo, Franklin Annervys"]
[Result "0-1"]
[WhiteElo "1937"]
[BlackElo "2266"]
[PlyCount "68"]
[EventDate "2014.08.14"]
[EventType "swiss"]
[EventRounds "7"]
[EventCountry "VEN"]
[SourceTitle "EXT 2018"]
[Source "ChessBase"]
[SourceDate "2017.10.13"]
[SourceVersion "1"]
[SourceVersionDate "2017.10.13"]
[SourceQuality "1"]

1. e4 c5 2. Nf3 e6 3. d4 cxd4 4. Nxd4 a6 5. f4 Qc7 6. Bd3 Bc5 7. Nb3 Be7 8. Nc3 Nc6 9. Qe2 b5 10. a3 Bb7 11. Bd2 d6 12. f5 Nf6 13. g4 Nd7 14. h4 Nde5 15. g5 Rc8 16. h5 Qd7 17. g6 hxg6 18. fxg6 fxg6 19. h6 gxh6 20. Rxh6 Bh4+ 21. Kd1 Rxh6 22. Bxh6 g5 23. Kd2 Qh7 24. Qh5+ Qf7 25. Qxf7+ Kxf7 26. Rf1+ Kg6 27. Bf8 Rd8 28. Ne2 Bc8 29. Nbd4 Nxd4 30. Nxd4 g4 31. Nc6 Nxc6 32. e5+ Kg5 33. Rf6 dxe5 34. Rg6+ Kf4 0-1

[Event "Gibraltar Challengers-B 12th"]
[Site "Caleta"]
[Date "2014.02.03"]
[Round "3"]
[White "Tortolero Hernandez, Cesar Aug"]
[Black "Savage, Neil"]
[Result "1-0"]
[WhiteElo "1952"]
[BlackElo "1625"]
[PlyCount "89"]
[EventDate "2014.02.01"]
[EventType "swiss"]
[EventRounds "5"]
[EventCountry "GGB"]
[SourceTitle "CBM 158 Extra"]
[Source "ChessBase"]
[SourceDate "2014.02.28"]
[SourceVersion "1"]
[SourceVersionDate "2014.02.28"]
[SourceQuality "1"]

1. d4 d5 2. Nf3 Nf6 3. c4 c6 4. e3 e6 5. Qc2 Nbd7 6. Nc3 Bd6 7. Bd3 0-0 8. Bd2 Re8 9. 0-0-0 dxc4 10. Bxc4 h6 11. e4 e5 12. dxe5 Nxe5 13. Nxe5 Bxe5 14. Bxh6 Qc7 15. Be3 Bxc3 16. Qxc3 Nxe4 17. Qc2 Qe5 18. Bd4 Qg5+ 19. Kb1 Bf5 20. Ka1 Nd6 21. Bd3 Bxd3 22. Qxd3 Nb5 23. Be3 Qf6 24. Qb3 b6 25. a4 Nd6 26. g4 b5 27. g5 Qf3 28. g6 Re4 29. axb5 cxb5 30. gxf7+ Kf8 31. Kb1 Qf5 32. Rxd6 Rxe3+ 33. Qc2 Qxc2+ 34. Kxc2 Re2+ 35. Rd2 Rc8+ 36. Kd1 Rxd2+ 37. Kxd2 Kxf7 38. Ra1 Rc7 39. Ra5 b4 40. Rb5 a5 41. Rxa5 b3 42. Rf5+ Kg6 43. Rb5 Rc2+ 44. Ke3 Rxb2 45. Rb6+ 1-0

[Event "Gibraltar Challengers-A 12th"]
[Site "Caleta"]
[Date "2014.01.30"]
[Round "4"]
[White "Tortolero Hernandez, Cesar Aug"]
[Black "Schouten, Freek"]
[Result "0-1"]
[WhiteElo "1952"]
[BlackElo "2069"]
[PlyCount "72"]
[EventDate "2014.01.27"]
[EventType "swiss"]
[EventRounds "5"]
[EventCountry "GGB"]
[SourceTitle "CBM 158 Extra"]
[Source "ChessBase"]
[SourceDate "2014.02.28"]
[SourceVersion "1"]
[SourceVersionDate "2014.02.28"]
[SourceQuality "1"]

1. d4 d5 2. c4 c6 3. Nf3 e6 4. Nc3 dxc4 5. a4 Bb4 6. e3 b5 7. Bd2 a5 8. axb5 Bxc3 9. Bxc3 cxb5 10. Ne5 Bb7 11. Nxf7 Kxf7 12. Qh5+ Kf8 13. Qxb5 Qd5 14. Qxc4 Nc6 15. Qa4 Nf6 16. Bc4 Qxg2 17. 0-0-0 Qe4 18. Qb3 Ne7 19. Qb6 Qc6 20. Qb3 Ned5 21. Rhg1 Kf7 22. f3 a4 23. Qa2 Rhc8 24. Bxd5 Nxd5 25. Qa3 Rc7 26. Kd2 Ba6 27. e4 Nxc3 28. bxc3 Qc4 29. Kc2 Rac8 30. d5 Qxc3+ 31. Qxc3 Rxc3+ 32. Kb2 Rb3+ 33. Ka1 g6 34. d6 Rxf3 35. Rc1 Rxc1+ 36. Rxc1 Rf1 0-1

[Event "Gibraltar Challengers-A 12th"]
[Site "Caleta"]
[Date "2014.01.27"]
[Round "1"]
[White "Pena Riasco, Alexander"]
[Black "Tortolero Hernandez, Cesar Aug"]
[Result "1-0"]
[WhiteElo "2154"]
[BlackElo "1952"]
[PlyCount "99"]
[EventDate "2014.01.27"]
[EventType "swiss"]
[EventRounds "5"]
[EventCountry "GGB"]
[SourceTitle "CBM 158 Extra"]
[Source "ChessBase"]
[SourceDate "2014.02.28"]
[SourceVersion "1"]
[SourceVersionDate "2014.02.28"]
[SourceQuality "1"]

1. e4 c5 2. Nf3 e6 3. d4 cxd4 4. Nxd4 a6 5. Nc3 Qc7 6. f4 Nc6 7. Nxc6 bxc6 8. e5 d6 9. exd6 Bxd6 10. Qf3 Nf6 11. Bd2 Bb7 12. Bd3 c5 13. Ne4 Be7 14. 0-0 0-0 15. c4 Nxe4 16. Bxe4 Bxe4 17. Qxe4 Bf6 18. Qc2 Bd4+ 19. Kh1 Rab8 20. Rab1 f5 21. b3 Qf7 22. Rbe1 Qf6 23. Re2 Rb6 24. Qd3 Rd6 25. Qf3 Rfd8 26. Rfe1 h6 27. Ba5 Rc8 28. Qb7 Rdc6 29. Rxe6 Rxe6 30. Qxc8+ Kf7 31. Qd7+ Re7 32. Rxe7+ Qxe7 33. Qxf5+ Kg8 34. Qc8+ Kh7 35. Qf5+ Kg8 36. Qd3 Qh4 37. Qf3 Qf6 38. Bc7 Qe7 39. Qd5+ Kh8 40. Qd8+ Qxd8 41. Bxd8 Kg8 42. Bb6 Kf7 43. b4 Ke6 44. Bxc5 Bxc5 45. bxc5 Kd7 46. g4 Kc6 47. g5 hxg5 48. fxg5 Kxc5 49. h4 Kxc4 50. h5 1-0

[Event "Panama op 3rd"]
[Site "Panama City"]
[Date "2013.11.03"]
[Round "6"]
[White "Salcedo, Ivan"]
[Black "Tortolero Hernandez, Cesar Aug"]
[Result "1-0"]
[WhiteElo "2162"]
[BlackElo "1920"]
[PlyCount "55"]
[EventDate "2013.10.30"]
[EventType "swiss"]
[EventRounds "9"]
[EventCountry "PAN"]
[SourceTitle "EXT 2014"]
[Source "ChessBase"]
[SourceDate "2013.11.20"]
[SourceVersion "1"]
[SourceVersionDate "2013.11.20"]
[SourceQuality "1"]

1. e4 e5 2. Nf3 Nf6 3. Nc3 Nc6 4. Bc4 Bb4 5. 0-0 d6 6. h3 h6 7. Re1 Be6 8. Bd5 Bxc3 9. dxc3 Bxd5 10. exd5 Nb8 11. Nh4 g6 12. f4 Nbd7 13. fxe5 Nxe5 14. Nf3 Nfd7 15. Bf4 Qf6 16. Qd4 Kf8 17. Nxe5 dxe5 18. Rxe5 Qb6 19. Re3 Qxd4 20. cxd4 Nf6 21. c4 Re8 22. Rae1 Rxe3 23. Rxe3 Ne8 24. c5 Kg7 25. d6 cxd6 26. cxd6 Nxd6 27. Bxd6 Rd8 28. Bb4 1-0

[Event "Panama op 3rd"]
[Site "Panama City"]
[Date "2013.11.03"]
[Round "5"]
[White "Tortolero Hernandez, Cesar Aug"]
[Black "Marrero Lopez, Yaniet"]
[Result "0-1"]
[WhiteElo "1920"]
[BlackElo "2274"]
[PlyCount "84"]
[EventDate "2013.10.30"]
[EventType "swiss"]
[EventRounds "9"]
[EventCountry "PAN"]
[SourceTitle "EXT 2014"]
[Source "ChessBase"]
[SourceDate "2013.11.20"]
[SourceVersion "1"]
[SourceVersionDate "2013.11.20"]
[SourceQuality "1"]

1. d4 Nf6 2. Nf3 e6 3. c4 Bb4+ 4. Bd2 Qe7 5. a3 Bxd2+ 6. Nbxd2 d5 7. e3 0-0 8. Rc1 c6 9. Qc2 Nbd7 10. Be2 e5 11. dxe5 Nxe5 12. Nxe5 Qxe5 13. Nf3 Qh5 14. Nd4 Qg5 15. Bf3 c5 16. Ne2 Bf5 17. Qb3 d4 18. 0-0 Ne4 19. Bxe4 Bxe4 20. f3 d3 21. Nf4 Bg6 22. Nd5 b6 23. e4 Rae8 24. f4 Qh4 25. g3 Qg4 26. f5 Bh5 27. f6 Qxe4 28. fxg7 Qd4+ 29. Rf2 Kxg7 30. Qc3 Qxc3 31. Rxc3 Re1+ 32. Kg2 Be2 33. Rxe2 Rxe2+ 34. Kf3 Rxh2 35. Rxd3 Rxb2 36. Kf4 Rf2+ 37. Ke5 Re8+ 38. Kd6 Re6+ 39. Kc7 Rc2 40. Nc3 Re1 41. Kc6 Rec1 42. Nb5 Rxc4 0-1

[Event "Panama op 3rd"]
[Site "Panama City"]
[Date "2013.10.31"]
[Round "2"]
[White "Arias, Lemnys A"]
[Black "Tortolero Hernandez, Cesar Aug"]
[Result "1-0"]
[WhiteElo "2329"]
[BlackElo "1920"]
[PlyCount "57"]
[EventDate "2013.10.30"]
[EventType "swiss"]
[EventRounds "9"]
[EventCountry "PAN"]
[SourceTitle "EXT 2014"]
[Source "ChessBase"]
[SourceDate "2013.11.20"]
[SourceVersion "1"]
[SourceVersionDate "2013.11.20"]
[SourceQuality "1"]

1. e4 c5 2. Nf3 e6 3. d4 cxd4 4. Nxd4 a6 5. Nc3 Qc7 6. g3 Nf6 7. Bg2 Nc6 8. 0-0 Nxd4 9. Qxd4 Bc5 10. Bf4 d6 11. Qd2 0-0 12. Na4 e5 13. Bg5 Ne8 14. Nxc5 dxc5 15. Bd8 Qc6 16. Be7 Be6 17. Rfd1 Rc8 18. b3 c4 19. Qb4 Nf6 20. Bxf8 Rxf8 21. Qd6 Qb5 22. a4 Qe8 23. Qxe5 cxb3 24. cxb3 Bxb3 25. Qxe8 Rxe8 26. Rdb1 Be6 27. Rxb7 Nd7 28. Rc1 g5 29. Ra7 1-0

[Event "London Classic op 4th"]
[Site "London"]
[Date "2012.12.08"]
[Round "8"]
[White "McKerracher, Douglas"]
[Black "Tortolero Hernandez, Cesar Aug"]
[Result "0-1"]
[WhiteElo "2034"]
[BlackElo "1926"]
[PlyCount "50"]
[EventDate "2012.12.01"]
[EventType "swiss"]
[EventRounds "9"]
[EventCountry "ENG"]
[SourceTitle "EXT 2014"]
[Source "ChessBase"]
[SourceDate "2013.11.20"]
[SourceVersion "1"]
[SourceVersionDate "2013.11.20"]
[SourceQuality "1"]

1. e4 c5 2. Nc3 a6 3. g3 e6 4. Bg2 Nc6 5. d3 b5 6. f4 Bb7 7. Nf3 d6 8. 0-0 Qb6 9. f5 Nf6 10. fxe6 fxe6 11. Bh3 Nd4 12. Nxd4 cxd4 13. Ne2 e5 14. Bg5 Be7 15. Qd2 0-0 16. Bxf6 Bxf6 17. Be6+ Kh8 18. Rf2 Rae8 19. Bf5 d5 20. exd5 Bxd5 21. Be4 Bxe4 22. dxe4 d3 23. Nc3 Bg5 24. Qxg5 Qxf2+ 25. Kh1 Qxc2 0-1

[Event "London Classic op 4th"]
[Site "London"]
[Date "2012.12.01"]
[Round "1"]
[White "Tortolero Hernandez, Cesar Aug"]
[Black "Britton, Richard"]
[Result "0-1"]
[WhiteElo "1926"]
[BlackElo "2233"]
[PlyCount "71"]
[EventDate "2012.12.01"]
[EventType "swiss"]
[EventRounds "9"]
[EventCountry "ENG"]
[SourceTitle "CBM 151 Extra"]
[Source "ChessBase"]
[SourceDate "2012.12.18"]
[SourceVersion "1"]
[SourceVersionDate "2012.12.18"]
[SourceQuality "1"]

1. d4 Nf6 2. Nf3 g6 3. c4 Bg7 4. Nc3 0-0 5. g3 d6 6. Bg2 Nc6 7. 0-0 e5 8. dxe5 dxe5 9. Qxd8 Rxd8 10. Bg5 Be6 11. Bxf6 Bxf6 12. Ne4 Be7 13. b3 h6 14. Nc3 Bb4 15. Nb5 Rac8 16. a3 Be7 17. Ne1 a6 18. Bxc6 axb5 19. Bxb5 c6 20. Ba4 Rb8 21. b4 Bxc4 22. Nd3 Bxd3 23. exd3 Rxd3 24. Bc2 Rc3 25. Ra2 Ra8 26. b5 Raxa3 27. Rxa3 Bxa3 28. Be4 f5 29. bxc6 bxc6 30. Bb1 Kf7 31. Rd1 Kf6 32. Kg2 e4 33. h4 Ke5 34. Rd8 Be7 35. Rh8 h5 36. Rh7 0-1